[Event "Corr"]
[Site "?"]
[Date "1999.10.26"]
[Round "?"]
[White "Barks Len"]
[Black "Barrett John M"]
[Result "1/2-1/2"]
[WhiteElo "1850"]
[BlackElo "1895"]
[PlyCount "47"]
[EventDate "1999.??.??"]
[Source "www.chesslib.no"]
[SourceDate "2004.05.04"]

1. d4 d5 2. c4 dxc4 3. Nf3 b5 4. e3 e6 5. a4 c6 6. axb5 cxb5 7. b3 Bb7 8. bxc4 bxc4 9. Bxc4 Nf6 10. O-O Nc6 11. Qa4 Bd6 12. Ba6 Qd7 13. Bxb7 Qxb7 14. Ba3 Bxa3 15. Rxa3 O-O 16. Nbd2 Rfc8 17. Rb3 Qc7 18. Rfb1 Rab8 19. Rc1 Rxb3 20. Nxb3 Qb7 21. Nc5 Qb8 22. Qa6 h6 23. Nd3 Ne7 24. Ra1 1/2-1/2

[Event "Corr"]
[Site "?"]
[Date "1999.07.14"]
[Round "?"]
[White "Moscoso Fernando"]
[Black "Hakuc Waclaw"]
[Result "1/2-1/2"]
[WhiteElo "1952"]
[BlackElo "1742"]
[PlyCount "123"]
[EventDate "1999.??.??"]
[Source "www.chesslib.no"]
[SourceDate "2004.05.04"]

1. d4 d5 2. c4 dxc4 3. Nf3 b5 4. a4 c6 5. e3 Qb6 6. b3 cxb3 7. Qxb3 Be6 8. Qb2 bxa4 9. Rxa4 Qxb2 10. Bxb2 Nd7 11. Bd3 Rb8 12. Ba3 Rb7 13. O-O Ngf6 14. Nbd2 Bd5 15. e4 Be6 16. Rb1 Nb6 17. Ne5 Rc7 18. Ra5 Nfd7 19. Ndf3 f6 20. Nxd7 Nxd7 21. Bc1 Nb6 22. Bf4 Rb7 23. Rc1 Bg4 24. Rxc6 e6 25. Rc7 Rxc7 26. Bxc7 Nc8 27. Ra6 Bb4 28. Bb8 Ke7 29. Bxa7 Rd8 30. Bb5 Kf8 31. Bb8 Bxf3 32. gxf3 Rxd4 33. Rxe6 Nd6 34. Bc6 Rd2 35. Bd5 Nf5 36. Bf4 Rd1+ 37. Kg2 Ne7 38. Bb3 Rd3 39. Bc2 Rc3 40. Bd2 Rc4 41. Bb3 Rd4 42. Be3 Rd3 43. Ba4 Ra3 44. Ra6 Kf7 45. Ra7 g6 46. f4 h5 47. Bb5 Rxa7 48. Bxa7 Nc8 49. Bd4 Nd6 50. Bc6 Ke7 51. Kf3 f5 52. e5 Nf7 53. Bd5 Nd8 54. Ke3 Ne6 55. Bb6 Ba3 56. Kf3 Bb4 57. Be3 Kd7 58. Ke2 Bf8 59. Bb3 Bh6 60. Kf3 Ke7 61. Ba4 Kf7 62. Bb3 1/2-1/2

[Event "Corr"]
[Site "?"]
[Date "1999.04.29"]
[Round "?"]
[White "Pljusnin Victor"]
[Black "Hakuc Waclaw"]
[Result "1-0"]
[WhiteElo "1890"]
[BlackElo "1797"]
[PlyCount "67"]
[EventDate "1999.??.??"]
[Source "www.chesslib.no"]
[SourceDate "2004.05.04"]

1. d4 d5 2. c4 dxc4 3. Nf3 b5 4. e4 Bb7 5. a4 e6 6. axb5 Bxe4 7. Nc3 Nf6 8. Bxc4 Nbd7 9. Nxe4 Nxe4 10. O-O Nd6 11. b3 Be7 12. Ne5 Qc8 13. Qg4 O-O 14. Nc6 Bf6 15. Bd3 Nb8 16. Qh5 Nf5 17. Ne5 g6 18. Qf3 Nd7 19. Bxf5 Nxe5 20. dxe5 Bxe5 21. Be4 Bxa1 22. Ba3 Rd8 23. Bxa8 Qxa8 24. Qxa8 Rxa8 25. Rxa1 Rd8 26. Bc5 Rd5 27. b4 e5 28. f3 Rd8 29. Bxa7 Ra8 30. Ra5 f5 31. Bd4 Re8 32. Bxe5 Rxe5 33. b6 cxb6 34. Rxe5 1-0

[Event "Corr"]
[Site "?"]
[Date "1997.??.??"]
[Round "?"]
[White "Johanson Frans"]
[Black "Escera Carlos"]
[Result "1/2-1/2"]
[WhiteElo "1871"]
[BlackElo "1790"]
[PlyCount "70"]
[EventDate "1997.??.??"]
[Source "www.chesslib.no"]
[SourceDate "2004.05.04"]

1. d4 d5 2. c4 dxc4 3. Nf3 b5 4. a4 c6 5. axb5 cxb5 6. e3 Bd7 7. b3 cxb3 8. Ne5 Qc8 9. Nd2 Qb7 10. Qxb3 e6 11. Nxd7 Nxd7 12. Qxb5 Qxb5 13. Bxb5 Ngf6 14. O-O Bd6 15. Nc4 Bc7 16. Bc6 Rc8 17. Rxa7 Bb8 18. Ra6 O-O 19. Ba3 Rfd8 20. Ne5 Bxe5 21. dxe5 Nxe5 22. Bb7 Rc7 23. Bd6 Rxb7 24. Bxe5 h6 25. h3 Kh7 26. Rfa1 Rbd7 27. Bd4 Ne4 28. Ra7 Rxa7 29. Rxa7 Nd6 30. g4 Kg8 31. Ra5 f6 32. f4 Kf7 33. Kf2 Rd7 34. h4 Ne4+ 35. Ke1 Rd5 1/2-1/2

[Event "Corr"]
[Site "?"]
[Date "2004.10.30"]
[Round "?"]
[White "Gavrileteanu Lucian"]
[Black "Bladyko Pawel"]
[Result "1-0"]
[WhiteElo "1873"]
[BlackElo "1716"]
[PlyCount "65"]
[EventDate "2004.??.??"]
[Source "www.chesslib.no"]
[SourceDate "2004.05.04"]

1. d4 d5 2. c4 dxc4 3. Nf3 b5 4. a4 c6 5. e3 Nf6 6. axb5 cxb5 7. Nc3 Bd7 8. Ne5 a6 9. b3 cxb3 10. Qxb3 e6 11. Bxb5 Bxb5 12. Nxb5 Nbd7 13. Nc6 Qc8 14. Nba7 Rxa7 15. Nxa7 Qc7 16. Rxa6 Qxc1+ 17. Ke2 Qc7 18. Nb5 Qd8 19. Ra8 Qxa8 20. Nc7+ Kd8 21. Nxa8 Bd6 22. Nb6 Ke7 23. Nxd7 Nxd7 24. Qc2 h5 25. e4 Rb8 26. Rb1 Rxb1 27. Qxb1 g6 28. Qb7 e5 29. d5 Kd8 30. h4 Ke8 31. f3 Kd8 32. g4 Ke7 33. Qc8 1-0

[Event "Corr"]
[Site "?"]
[Date "2001.02.09"]
[Round "?"]
[White "Gould Michael"]
[Black "Bieber Herbert"]
[Result "0-1"]
[WhiteElo "1662"]
[BlackElo "1897"]
[PlyCount "58"]
[EventDate "2001.??.??"]
[Source "www.chesslib.no"]
[SourceDate "2004.05.04"]

1. d4 d5 2. c4 dxc4 3. Nf3 b5 4. e3 Nf6 5. a4 b4 6. Bxc4 e6 7. Nbd2 Bb7 8. a5 a6 9. O-O c5 10. Nb3 Nbd7 11. Bd2 cxd4 12. Nbxd4 Bd6 13. Qe1 Rc8 14. b3 Qe7 15. Ra4 Nc5 16. Rxb4 Nd5 17. Bxd5 Bxd5 18. Qe2 O-O 19. Rc1 Rfd8 20. Rb6 Bc7 21. Bb4 Bxb6 22. axb6 a5 23. Ba3 e5 24. Nf5 Qf6 25. N3h4 g6 26. Bxc5 gxf5 27. Nf3 Bb7 28. e4 Qc6 29. Qf1 fxe4 0-1

[Event "Corr"]
[Site "?"]
[Date "2003.02.23"]
[Round "?"]
[White "Francisco Vincent Paul"]
[Black "Krunski Jan Maria"]
[Result "0-1"]
[WhiteElo "1979"]
[BlackElo "1551"]
[PlyCount "58"]
[EventDate "2003.??.??"]
[Source "www.chesslib.no"]
[SourceDate "2004.05.04"]

1. d4 d5 2. c4 dxc4 3. Nf3 b5 4. a4 c6 5. axb5 cxb5 6. b3 cxb3 7. e4 b4 8. Qxb3 a5 9. Bg5 Nf6 10. Bd3 e6 11. O-O Bd7 12. Rc1 a4 13. Qc4 h6 14. Bf4 Nc6 15. Nbd2 Nh5 16. Be3 Bd6 17. e5 Na5 18. Qa2 b3 19. Qb1 Rb8 20. Rd1 Bb4 21. g4 Bc3 22. gxh5 Bxa1 23. Qxa1 O-O 24. Kh1 Bc6 25. Rg1 Kh8 26. Rg3 Qe7 27. Kg1 a3 28. Qb1 Rfc8 29. Ne1 Bd5 0-1

[Event "Corr"]
[Site "?"]
[Date "2003.01.21"]
[Round "?"]
[White "Humen John F"]
[Black "Krunski Jan Maria"]
[Result "1-0"]
[WhiteElo "1934"]
[BlackElo "1592"]
[PlyCount "67"]
[EventDate "2003.??.??"]
[Source "www.chesslib.no"]
[SourceDate "2004.05.04"]

1. d4 d5 2. c4 dxc4 3. Nf3 b5 4. e3 a6 5. a4 Bf5 6. Ne5 Nd7 7. Qf3 Nxe5 8. Qxf5 Nd3+ 9. Bxd3 e6 10. Qe4 Bb4+ 11. Bd2 Bxd2+ 12. Nxd2 cxd3 13. axb5 a5 14. O-O Ne7 15. Ra3 Nd5 16. Qxd3 O-O 17. Rfa1 Nb4 18. Qb3 c6 19. bxc6 Nxc6 20. Qc3 Rc8 21. Nc4 e5 22. d5 Qxd5 23. Nb6 Qe6 24. Nxc8 Rxc8 25. Rc1 Ne7 26. Qd2 Rxc1+ 27. Qxc1 Qd5 28. Rc3 Qd8 29. Rc5 e4 30. Qa1 h6 31. Rxa5 Qd3 32. h3 Nc6 33. Rc5 Nd8 34. b4 1-0

[Event "FI.2001.0.00008 Jim Krepp Memorial"]
[Site "?"]
[Date "2001.??.??"]
[Round "?"]
[White "Epiney Flo"]
[Black "Mathioudakis Diana"]
[Result "1-0"]
[WhiteElo "1835"]
[BlackElo "1680"]
[PlyCount "21"]
[EventDate "2001.??.??"]
[Source "www.chesslib.no"]
[SourceDate "2004.05.04"]

1. d4 d5 2. c4 dxc4 3. Nf3 b5 4. Nc3 c6 5. a4 b4 6. Ne4 Nf6 7. Nxf6+ exf6 8. e3 Ba6 9. Qc2 Qd5 10. Nd2 c5 11. Nxc4 1-0

[Event "Corr"]
[Site "?"]
[Date "1999.06.16"]
[Round "?"]
[White "Pljusnin Victor"]
[Black "Fantoni Franco"]
[Result "0-1"]
[WhiteElo "1880"]
[BlackElo "1606"]
[PlyCount "66"]
[EventDate "1999.??.??"]
[Source "www.chesslib.no"]
[SourceDate "2004.05.04"]

1. d4 d5 2. c4 dxc4 3. Nf3 b5 4. a4 a6 5. axb5 Nd7 6. bxa6 Bxa6 7. e4 e6 8. Nc3 Be7 9. Be2 Ngf6 10. O-O O-O 11. Bf4 Bb7 12. Qc2 Rxa1 13. Rxa1 c5 14. Rd1 Qa8 15. dxc5 Nxc5 16. Bxc4 Ncxe4 17. Nb5 Ng4 18. Bg3 Nxg3 19. hxg3 Bxf3 20. gxf3 Qxf3 21. Nd4 Qf6 22. Kg2 Bc5 23. Nf3 Bxf2 24. Qe2 Bb6 25. Rd3 Qh6 26. Bb3 Ne3+ 27. Kf2 Rb8 28. Ke1 Qh1+ 29. Kd2 Qb1 30. Bd1 Nxd1 31. Qxd1 Qxb2+ 32. Qc2 Ba5+ 33. Kd1 Qa1+ 0-1

[Event "Corr"]
[Site "?"]
[Date "2001.07.17"]
[Round "?"]
[White "Monforte Guy"]
[Black "Hakuc Waclaw"]
[Result "1-0"]
[WhiteElo "1658"]
[BlackElo "1753"]
[PlyCount "89"]
[EventDate "2001.??.??"]
[Source "www.chesslib.no"]
[SourceDate "2004.05.04"]

1. d4 d5 2. c4 dxc4 3. Nf3 b5 4. a4 c6 5. e3 Nf6 6. axb5 cxb5 7. Nc3 Bd7 8. Ne5 a5 9. b3 Nc6 10. Nxd7 Qxd7 11. bxc4 bxc4 12. Bxc4 e6 13. O-O Bb4 14. Bb2 O-O 15. Bb5 Rfc8 16. Qe2 Rcb8 17. Rfd1 Bxc3 18. Bxc3 Nxd4 19. Rxd4 Qe7 20. Rda4 Qc5 21. Bxf6 Qxb5 22. Qxb5 Rxb5 23. Bc3 f5 24. Rxa5 Raxa5 25. Bxa5 g5 26. Bc3 Rc5 27. Bd4 Rd5 28. Ra8+ Kf7 29. Ra7+ Ke8 30. g4 e5 31. Bb2 fxg4 32. Rxh7 Rb5 33. Ba3 Ra5 34. Be7 Ra7 35. Rh8+ Kf7 36. Bxg5 Kg6 37. Bh4 Rf7 38. Re8 Rh7 39. Bg3 Rd7 40. Rxe5 Rh7 41. Kg2 Kf6 42. Bf4 Rc7 43. Rg5 Rb7 44. Rxg4 Rb5 45. h4 1-0

[Event "Corr"]
[Site "?"]
[Date "2002.06.24"]
[Round "?"]
[White "Butterworth Joseph"]
[Black "Jasinski Jim"]
[Result "1/2-1/2"]
[WhiteElo "1690"]
[BlackElo "1715"]
[PlyCount "85"]
[EventDate "2002.??.??"]
[Source "www.chesslib.no"]
[SourceDate "2004.05.04"]

1. d4 d5 2. c4 dxc4 3. Nf3 b5 4. a4 c6 5. axb5 cxb5 6. e3 Nc6 7. b3 e5 8. bxc4 bxc4 9. Bxc4 e4 10. Nfd2 Nf6 11. Qa4 Bd7 12. Qb3 Bd6 13. Bxf7+ Kf8 14. Bc4 Rb8 15. Qd1 Qc7 16. Ba3 Nb4 17. Nc3 Bc6 18. h3 Ke7 19. O-O Rhd8 20. d5 Nbxd5 21. Bxd6+ Rxd6 22. Ndxe4 Nxc3 23. Qxd6+ Qxd6 24. Rxa7+ Rb7 25. Rxb7+ Bxb7 26. Nxd6 Kxd6 27. f3 Bd5 28. Bxd5 Nfxd5 29. Kf2 h5 30. g3 Kc5 31. Ra1 g6 32. e4 Nb6 33. Ke3 Nc4+ 34. Kd3 Kb4 35. f4 Nb2+ 36. Kc2 Nc4 37. Ra6 Nxe4 38. Rxg6 Kc5 39. g4 hxg4 40. hxg4 Kd4 41. g5 Ne3+ 42. Kb3 Nd5 43. Rc6 1/2-1/2

[Event "Corr"]
[Site "?"]
[Date "1998.??.??"]
[Round "?"]
[White "De Leeuw Dirk"]
[Black "Fantoni Franco"]
[Result "1-0"]
[WhiteElo "1794"]
[BlackElo "1600"]
[PlyCount "83"]
[EventDate "1998.??.??"]
[Source "www.chesslib.no"]
[SourceDate "2004.05.04"]

1. d4 d5 2. c4 dxc4 3. Nf3 b5 4. a4 c6 5. e3 Bg4 6. axb5 cxb5 7. Nc3 Qd7 8. h3 Bf5 9. Ne5 Qb7 10. Qf3 Qxf3 11. gxf3 Nd7 12. Nxb5 Nxe5 13. dxe5 Rc8 14. Rxa7 Bd3 15. Bxd3 cxd3 16. Kd2 Rd8 17. Rg1 e6 18. Nd6+ Bxd6 19. exd6 g6 20. Ra6 Nh6 21. b3 Kd7 22. e4 Ra8 23. Rxa8 Rxa8 24. Kxd3 Ng8 25. e5 Rb8 26. Kc3 Rc8+ 27. Kb2 f6 28. f4 Rc5 29. Re1 Rd5 30. Kc3 Nh6 31. Bb2 fxe5 32. fxe5 g5 33. Kc4 Nf7 34. b4 Kc6 35. Bd4 h6 36. f3 Rb5 37. Bc5 Rb7 38. Kd4 Nh8 39. Ra1 Ng6 40. Ra8 Nh4 41. Rf8 h5 42. Ke4 1-0

[Event "Swiss-75.4.06"]
[Site "?"]
[Date "2000.??.??"]
[Round "?"]
[White "Dam Carl van"]
[Black "Hakuc Waclaw"]
[Result "1/2-1/2"]
[WhiteElo "1660"]
[BlackElo "1700"]
[PlyCount "81"]
[EventDate "2000.??.??"]
[Source "www.chesslib.no"]
[SourceDate "2004.05.04"]

1. d4 d5 2. c4 dxc4 3. Nf3 b5 4. a4 c6 5. axb5 cxb5 6. Nc3 Bd7 7. e3 a6 8. b3 cxb3 9. Qxb3 Nc6 10. d5 Na5 11. Qa2 b4 12. Ne4 Nb7 13. Bxa6 Nf6 14. Nxf6+ exf6 15. Qb1 Nc5 16. Bc4 Rxa1 17. Qxa1 Bd6 18. O-O O-O 19. Qb1 Qc7 20. Qxb4 Na4 21. Qb3 Rb8 22. Qd3 Rb4 23. Ba3 Bxh2+ 24. Nxh2 Rxc4 25. Ra1 Qe5 26. Rc1 Rxc1+ 27. Bxc1 Qa1 28. Qa3 Qc3 29. Nf1 Qe5 30. Qd3 Nc5 31. Qc4 Ne4 32. f3 Ng3 33. Nxg3 Qxg3 34. Bd2 h5 35. Qe2 Qd6 36. e4 f5 37. Qd3 fxe4 38. Qxe4 f5 39. Qd4 Kf7 40. Bc3 Qh6 41. Kf2 1/2-1/2

[Event "Corr"]
[Site "?"]
[Date "2002.10.16"]
[Round "?"]
[White "Shchepetnev Vasiliy"]
[Black "Bladyko Pawel"]
[Result "1-0"]
[WhiteElo "1931"]
[BlackElo "1411"]
[PlyCount "51"]
[EventDate "2002.??.??"]
[Source "www.chesslib.no"]
[SourceDate "2004.05.04"]

1. d4 d5 2. c4 dxc4 3. Nf3 b5 4. a4 c6 5. axb5 cxb5 6. e3 Bd7 7. Nc3 a6 8. b3 cxb3 9. Qxb3 Nc6 10. d5 Na7 11. Ne5 Qc8 12. Nxd7 Kxd7 13. Be2 Nf6 14. O-O e6 15. Bf3 Rb8 16. Bb2 Bd6 17. dxe6+ fxe6 18. Rfc1 Qc4 19. Qd1 Qh4 20. g3 Qg5 21. Rxa6 Nc8 22. Ne4 Nxe4 23. Bxe4 Rd8 24. h4 Qh6 25. Rxc8 Kxc8 26. Rxd6 1-0

[Event "St Quentin op 5th"]
[Site "?"]
[Date "2002.??.??"]
[Round "6"]
[White "Bouvier Bruno"]
[Black "Guissouma Yalel"]
[Result "0-1"]
[WhiteElo "1830"]
[BlackElo "1499"]
[PlyCount "137"]
[EventDate "2002.??.??"]
[Source "www.chesslib.no"]
[SourceDate "2004.05.04"]

1. d4 d5 2. c4 dxc4 3. Nf3 b5 4. a4 c6 5. axb5 cxb5 6. b3 Qc7 7. e3 cxb3 8. Bxb5+ Bd7 9. Bxd7+ Nxd7 10. O-O Rb8 11. Bb2 e6 12. Nc3 Ngf6 13. Qd3 Bb4 14. Rfc1 Qb7 15. Qa6 Bxc3 16. Rxc3 O-O 17. Qxa7 Nd5 18. Qxb7 Rxb7 19. Rd3 Rc8 20. Nd2 Rc2 21. Rb1 Nb4 22. Rxb3 Rxd2 23. Bc3 Rc2 24. Bxb4 h6 25. Kf1 Nf6 26. R3b2 Rc4 27. Bc5 Rxb2 28. Rxb2 Ne4 29. Bb4 g5 30. Ke2 f5 31. f3 Nf6 32. Kd3 Rc7 33. e4 Kf7 34. Bd6 Ra7 35. exf5 exf5 36. Kc4 Ke6 37. Bb8 Ra6 38. Re2+ Kd7 39. d5 Ra8 40. Rb2 Ra4+ 41. Kb5 Ra8 42. Be5 Nxd5 43. Rd2 Ke6 44. Bg7 h5 45. Bh6 g4 46. fxg4 hxg4 47. g3 Nc3+ 48. Kc4 Ne4 49. Rb2 Nd6+ 50. Kd3 Ke5 51. Ke2 Nc4 52. Rb7 Ra2+ 53. Kd3 Nd6 54. Rd7 Ke6 55. Rd8 Rxh2 56. Bf4 Ne4 57. Re8+ Kf7 58. Rxe4 fxe4+ 59. Kxe4 Kg6 60. Ke3 Kf5 61. Bb8 Rb2 62. Bf4 Rb3+ 63. Kf2 Ke4 64. Ke2 Rb2+ 65. Kf1 Kf3 66. Kg1 Rb1+ 67. Kh2 Kf2 68. Bc7 Rb7 69. Kh1 0-1

[Event "Corr"]
[Site "?"]
[Date "2004.04.19"]
[Round "?"]
[White "Postlethwaite Craig"]
[Black "Soattin Alberto"]
[Result "1-0"]
[WhiteElo "1600"]
[BlackElo "1600"]
[PlyCount "40"]
[EventDate "2004.??.??"]
[Source "www.chesslib.no"]
[SourceDate "2004.05.04"]

1. d4 d5 2. c4 dxc4 3. Nf3 b5 4. a4 c6 5. e3 Nf6 6. axb5 cxb5 7. b3 Be6 8. bxc4 Bxc4 9. Bxc4 bxc4 10. Qa4+ Nbd7 11. Ne5 e6 12. O-O Be7 13. Nc6 Qc7 14. Nxe7 Kxe7 15. Ba3+ Kd8 16. Nc3 Nd5 17. Rfc1 N7b6 18. Qa6 Nxc3 19. Rxc3 Qc6 20. Bc5 Kd7 1-0

[Event "Corr"]
[Site "?"]
[Date "2000.08.17"]
[Round "?"]
[White "Beland Stephane"]
[Black "Hakuc Waclaw"]
[Result "1-0"]
[WhiteElo "1395"]
[BlackElo "1804"]
[PlyCount "61"]
[EventDate "2000.??.??"]
[Source "www.chesslib.no"]
[SourceDate "2004.05.04"]

1. d4 d5 2. c4 dxc4 3. Nf3 b5 4. a4 c6 5. axb5 cxb5 6. e3 Bd7 7. b3 cxb3 8. Qxb3 a6 9. Nc3 Nc6 10. d5 Na5 11. Qa2 Rc8 12. Bd2 Nc4 13. Bxc4 bxc4 14. Qxa6 e6 15. O-O exd5 16. Nxd5 Rc5 17. e4 f5 18. Ba5 Qb8 19. Rab1 Qc8 20. Qxc8+ Bxc8 21. Bb4 fxe4 22. Bxc5 Bxc5 23. Rfe1 Bf5 24. Ne5 Bd6 25. Nxc4 Kd7 26. Rb6 Bc7 27. Rb7 Nf6 28. Rxc7+ Kd8 29. Ncb6 Nxd5 30. Nxd5 Be6 31. Rb7 1-0

[Event "Regional ch-PER"]
[Site "Lima PER"]
[Date "1999.07.??"]
[Round "7"]
[White "Listowiecki, M."]
[Black "Erzhanov, A."]
[Result "1-0"]
[WhiteElo "1620"]
[BlackElo "1560"]
[PlyCount "63"]
[EventDate "1999.??.??"]
[Source "www.chesslib.no"]
[SourceDate "2004.05.04"]

1. d4 d5 2. c4 dxc4 3. Nf3 b5 4. Nc3 a6 5. e3 Bb7 6. Be2 e6 7. a3 Nf6 8. Qc2 c5 9. dxc5 Bxc5 10. O-O O-O 11. b3 cxb3 12. Qxb3 Qe7 13. Rd1 Nc6 14. Qc2 b4 15. Na4 Bd6 16. Nb6 Rad8 17. Nc4 bxa3 18. Nxd6 Rxd6 19. Rxd6 Qxd6 20. Bxa3 Nb4 21. Qa4 a5 22. Qxa5 Ra8 23. Qb5 Bc6 24. Qc4 Bd5 25. Qc3 Ne4 26. Qb2 h6 27. Rb1 Qb8 28. Bd3 Nc5 29. Bc2 Ba2 30. Qxb4 Qxb4 31. Rxb4 Rxa3 32. Rb8# 1-0

[Event "Corr"]
[Site "?"]
[Date "2005.01.03"]
[Round "?"]
[White "Melo Olavo"]
[Black "Basson Heinrich"]
[Result "1/2-1/2"]
[WhiteElo "1494"]
[BlackElo "1661"]
[PlyCount "35"]
[EventDate "2005.??.??"]
[Source "www.chesslib.no"]
[SourceDate "2004.05.04"]

1. d4 d5 2. c4 dxc4 3. Nf3 b5 4. a4 c6 5. e3 a5 6. axb5 cxb5 7. b3 Nf6 8. bxc4 bxc4 9. Bxc4 e6 10. O-O Bd6 11. Ne5 Bxe5 12. dxe5 Qxd1 13. Rxd1 Nfd7 14. Bb5 Bb7 15. Rd6 Ke7 16. Ba3 Kd8 17. Nc3 Ba6 18. Ba4 1/2-1/2

[Event "Corr"]
[Site "?"]
[Date "2004.06.12"]
[Round "?"]
[White "Nicolaescu Nicolae"]
[Black "Bladyko Pawel"]
[Result "1/2-1/2"]
[WhiteElo "1305"]
[BlackElo "1811"]
[PlyCount "43"]
[EventDate "2004.??.??"]
[Source "www.chesslib.no"]
[SourceDate "2004.05.04"]

1. d4 d5 2. c4 dxc4 3. Nf3 b5 4. a4 c6 5. e3 Nf6 6. axb5 cxb5 7. b3 Be6 8. bxc4 Bxc4 9. Bxc4 bxc4 10. Qa4+ Nbd7 11. Nc3 e6 12. Ne5 Rc8 13. Ke2 Nd5 14. Nxd5 exd5 15. Qb5 f6 16. Nxd7 Qxd7 17. Qxd7+ Kxd7 18. Rxa7+ Rc7 19. Ra5 Ke6 20. Ra8 g5 21. Bd2 Rb7 22. Bc3 1/2-1/2

[Event "Corr"]
[Site "?"]
[Date "2004.09.24"]
[Round "?"]
[White "Zarate Miguel"]
[Black "Bladyko Pawel"]
[Result "1-0"]
[WhiteElo "1312"]
[BlackElo "1786"]
[PlyCount "61"]
[EventDate "2004.??.??"]
[Source "www.chesslib.no"]
[SourceDate "2004.05.04"]

1. d4 d5 2. c4 dxc4 3. Nf3 b5 4. e3 c6 5. a4 Qc7 6. Nc3 Qb7 7. b3 b4 8. Ne4 c3 9. Bd3 Nd7 10. O-O g6 11. Qc2 Bg7 12. Ng3 Ngf6 13. e4 O-O 14. Bg5 c5 15. d5 a6 16. Rad1 Rd8 17. Rfe1 h6 18. Be3 Ng4 19. h3 Nxe3 20. Rxe3 Qc7 21. e5 Bb7 22. e6 fxe6 23. Bxg6 Nf8 24. Nh5 Bf6 25. Re4 exd5 26. Rg4 Rd6 27. Qf5 Qc8 28. Qf4 Qxg4 29. Qxg4 Kh8 30. Bf7 Nh7 31. Nh4 1-0

[Event "Corr"]
[Site "?"]
[Date "2003.10.10"]
[Round "?"]
[White "Grushovsky Yuri"]
[Black "Bladyko Pawel"]
[Result "0-1"]
[WhiteElo "1227"]
[BlackElo "1830"]
[PlyCount "80"]
[EventDate "2003.??.??"]
[Source "www.chesslib.no"]
[SourceDate "2004.05.04"]

1. d4 d5 2. c4 dxc4 3. Nf3 b5 4. e3 a6 5. a4 Bb7 6. b3 e5 7. bxc4 exd4 8. Qxd4 b4 9. Qxd8+ Kxd8 10. Ne5 Nh6 11. Bb2 f6 12. Nd3 Nd7 13. Nd2 Nf5 14. e4 Nd6 15. f3 c5 16. Be2 Rb8 17. O-O Bc6 18. Rfc1 Nb7 19. Nb3 Bd6 20. g3 Re8 21. Kf2 Nb6 22. a5 Na4 23. Rd1 Nxb2 24. Nxb2 Kc7 25. Nd3 h5 26. h4 Rbd8 27. Nb2 g5 28. hxg5 fxg5 29. Na4 h4 30. gxh4 gxh4 31. Rxd6 Kxd6 32. Rd1+ Ke7 33. Naxc5 Rxd1 34. Bxd1 Rd8 35. Be2 Nxc5 36. Nxc5 h3 37. Nd3 b3 38. Kg3 Be8 39. Kxh3 Bf7 40. Nb2 Rd2 0-1

[Event "Corr"]
[Site "?"]
[Date "2000.12.07"]
[Round "?"]
[White "De Campos Fernandes Ronaldo"]
[Black "Pires Sidney Augusto"]
[Result "1-0"]
[WhiteElo "1562"]
[BlackElo "1488"]
[PlyCount "85"]
[EventDate "2000.??.??"]
[Source "www.chesslib.no"]
[SourceDate "2004.05.04"]

1. d4 d5 2. c4 dxc4 3. Nf3 b5 4. a4 c6 5. e3 e6 6. axb5 cxb5 7. b3 Nf6 8. bxc4 bxc4 9. Bxc4 Bb4+ 10. Bd2 Bd6 11. Na3 Ne4 12. Nb5 a5 13. O-O O-O 14. Nxd6 Nxd6 15. Bd3 Bb7 16. Ne5 f6 17. Qh5 Be4 18. Bxe4 Nxe4 19. Nf3 Nxd2 20. Nxd2 e5 21. Qf3 Ra7 22. Nb3 Kh8 23. Nc5 Qd6 24. Rfc1 exd4 25. exd4 Nc6 26. d5 Ne5 27. Qe4 f5 28. Qd4 Nc6 29. Qd2 Rd8 30. Nb3 Ne7 31. Rxa5 Rxa5 32. Qxa5 Nxd5 33. Nd4 Nf4 34. Nc6 Qd1+ 35. Qe1 Qg4 36. g3 Ne2+ 37. Kf1 Re8 38. Ne5 Qh3+ 39. Kxe2 Rxe5+ 40. Kd3 Rd5+ 41. Kc4 Rd8 42. Qe7 Qh6 43. Qxd8# 1-0

[Event "Corr"]
[Site "?"]
[Date "1999.11.16"]
[Round "?"]
[White "Krishna Sandeep"]
[Black "Hakuc Waclaw"]
[Result "1-0"]
[WhiteElo "1227"]
[BlackElo "1800"]
[PlyCount "67"]
[EventDate "1999.??.??"]
[Source "www.chesslib.no"]
[SourceDate "2004.05.04"]

1. d4 d5 2. c4 dxc4 3. Nf3 b5 4. a4 c6 5. e4 Nf6 6. e5 Ne4 7. Be2 Qa5+ 8. Nc3 Nxc3 9. bxc3 Qxc3+ 10. Bd2 Qb3 11. Qxb3 cxb3 12. axb5 Bf5 13. Bc3 Be4 14. O-O Bd5 15. Rfb1 e6 16. b6 a6 17. Nd2 Nd7 18. b7 Ra7 19. Bxa6 Nb8 20. Bc4 Rxb7 21. Bxb3 Bxb3 22. Rxb3 Rxb3 23. Nxb3 Kd7 24. Ra7+ Kc8 25. Ba5 Nd7 26. Rc7+ Kd8 27. Rxc6+ Ke7 28. Nc5 Nxc5 29. dxc5 f6 30. Rc7+ Ke8 31. c6 fxe5 32. Rc8+ Kf7 33. c7 Bd6 34. Rxh8 1-0

[Event "Corr"]
[Site "?"]
[Date "2004.07.01"]
[Round "?"]
[White "Stevenson Walter"]
[Black "Bladyko Pawel"]
[Result "0-1"]
[WhiteElo "1210"]
[BlackElo "1801"]
[PlyCount "34"]
[EventDate "2004.??.??"]
[Source "www.chesslib.no"]
[SourceDate "2004.05.04"]

1. d4 d5 2. c4 dxc4 3. Nf3 b5 4. a4 c6 5. axb5 cxb5 6. b3 cxb3 7. e3 b4 8. Qxb3 a5 9. Bb5+ Bd7 10. Ne5 e6 11. Qa4 Nf6 12. Nd2 Bd6 13. Ndc4 Bxe5 14. Nxe5 O-O 15. O-O Bxb5 16. Qxb5 Qd5 17. Rxa5 Rxa5 0-1

[Event "Corr"]
[Site "?"]
[Date "2005.06.07"]
[Round "?"]
[White "Alessandrini Alfredo"]
[Black "Vio Mauro"]
[Result "0-1"]
[WhiteElo "1431"]
[BlackElo "1472"]
[PlyCount "32"]
[EventDate "2005.??.??"]
[Source "www.chesslib.no"]
[SourceDate "2004.05.04"]

1. d4 d5 2. c4 dxc4 3. Nf3 b5 4. a4 c6 5. axb5 cxb5 6. b3 cxb3 7. Qxb3 a6 8. e3 Bb7 9. Nc3 e6 10. Be2 Nf6 11. O-O Be7 12. Ba3 O-O 13. Rfc1 Nc6 14. Na4 Bxa3 15. Rxa3 Na5 16. Qd1 bxa4 0-1

[Event "Corr"]
[Site "?"]
[Date "2000.11.01"]
[Round "?"]
[White "Neumann Ulrich"]
[Black "Just Bent"]
[Result "1/2-1/2"]
[WhiteElo "1443"]
[BlackElo "1383"]
[PlyCount "73"]
[EventDate "2000.??.??"]
[Source "www.chesslib.no"]
[SourceDate "2004.05.04"]

1. d4 d5 2. c4 dxc4 3. Nf3 b5 4. a4 c6 5. e3 e6 6. axb5 cxb5 7. Ne5 Bb7 8. b3 Nd7 9. Nxd7 Qxd7 10. bxc4 bxc4 11. Ba3 Nf6 12. Bxf8 Rxf8 13. Bxc4 Bxg2 14. Rg1 Bd5 15. Bxd5 Qxd5 16. Qa4+ Kd8 17. Nc3 Qb7 18. Rxg7 Qh1+ 19. Ke2 Qxh2 20. Ne4 Nxe4 21. Qa5+ Ke7 22. Kf3 Nf6 23. Qc5+ Kd7 24. Rxa7+ Rxa7 25. Qxa7+ Ke8 26. Qa8+ Ke7 27. Qa3+ Qd6 28. Qa7+ Nd7 29. Qa4 Qd5+ 30. e4 Qh5+ 31. Kg3 Qh6 32. Qa3+ Kd8 33. Qa5+ Kc8 34. Qa6+ Kc7 35. Qa7+ Kc6 36. Qa4+ Kb6 37. Qb4+ 1/2-1/2

[Event "Corr"]
[Site "?"]
[Date "2002.10.13"]
[Round "?"]
[White "Da Silva Helder"]
[Black "Krunski Jan Maria"]
[Result "0-1"]
[WhiteElo "1263"]
[BlackElo "1558"]
[PlyCount "138"]
[EventDate "2002.??.??"]
[Source "www.chesslib.no"]
[SourceDate "2004.05.04"]

1. d4 d5 2. c4 dxc4 3. Nf3 b5 4. e3 a6 5. a4 Bb7 6. axb5 axb5 7. Rxa8 Bxa8 8. b3 c5 9. bxc4 bxc4 10. Bxc4 e6 11. O-O cxd4 12. Nxd4 Nd7 13. Nd2 Ngf6 14. Qa4 Nd5 15. Bb5 N5b6 16. Bxd7+ Qxd7 17. Qxd7+ Nxd7 18. Ba3 Bxa3 19. Ra1 Ke7 20. Rxa3 Rb8 21. h3 Bd5 22. N4f3 Rb2 23. Ra7 f6 24. Ra4 g5 25. Nc4 Rc2 26. Na5 Nc5 27. Ra3 Ne4 28. Nb3 e5 29. Ra7+ Kd6 30. Ra6+ Kc7 31. Ra7+ Kb6 32. Ra4 Nxf2 33. Rb4+ Kc7 34. Nbd2 Nd3 35. Ra4 Nc5 36. Ra5 Kb6 37. Ra1 e4 38. Rb1+ Kc7 39. Nxe4 Bxe4 40. Ra1 Re2 41. Ra7+ Kd6 42. Ra3 h5 43. Rc3 Nd3 44. Ra3 Rxe3 45. Nd4 Ke5 46. Nf3+ Bxf3 47. gxf3 Rxf3 48. Kh2 Rf2+ 49. Kg1 Rb2 50. Rxd3 g4 51. Rc3 f5 52. Ra3 Ke4 53. Rc3 h4 54. hxg4 fxg4 55. Ra3 Re2 56. Rb3 h3 57. Kf1 h2 58. Rb4+ Kf3 59. Rb3+ Re3 60. Rxe3+ Kxe3 61. Kg2 g3 62. Kh1 Ke4 63. Kg2 h1=Q+ 64. Kxh1 Kf3 65. Kg1 g2 66. Kh2 Kf2 67. Kh3 g1=Q 68. Kh4 Qg6 69. Kh3 Qg3# 0-1